Tỏa sáng tư tưởng và đạo đức Hồ Chí Minh

Gồm các bài viết nêu bật tư tưởng, đạo đức và sự nghiệp của Chủ tịch Hồ Chí Minh trong hành trình đấu tranh thực hiện khát vọng giải phóng dân tộc, giải phóng giai cấp, giải phóng con người

Wedi'i Gadw mewn:
Manylion Llyfryddiaeth
Prif Awdur: Văn, Thị Thanh Mai
Fformat: Llyfr
Iaith:Undetermined
Cyhoeddwyd: Hà Nội Chính trị Quốc gia 2010
Pynciau:
Tagiau: Ychwanegu Tag
Dim Tagiau, Byddwch y cyntaf i dagio'r cofnod hwn!
Thư viện lưu trữ: Trung tâm Học liệu Trường Đại học Cần Thơ
LEADER 01000nam a2200229Ia 4500
001 CTU_158704
008 210402s9999 xx 000 0 und d
020 |c 52000 
082 |a 335.4346 
082 |b M103 
100 |a Văn, Thị Thanh Mai 
245 0 |a Tỏa sáng tư tưởng và đạo đức Hồ Chí Minh 
245 0 |c Văn Thị Thanh Mai 
260 |a Hà Nội 
260 |b Chính trị Quốc gia 
260 |c 2010 
520 |a Gồm các bài viết nêu bật tư tưởng, đạo đức và sự nghiệp của Chủ tịch Hồ Chí Minh trong hành trình đấu tranh thực hiện khát vọng giải phóng dân tộc, giải phóng giai cấp, giải phóng con người 
650 |a Communists,Ho Chi Minh,Cộng sản,Hồ Chí Minh 
650 |x Biography,Tiểu sử 
650 |z Vietnam,Việt Nam 
904 |i Trọng Hải 
980 |a Trung tâm Học liệu Trường Đại học Cần Thơ